Diseño de 4069.57 ml de pavimento adoquinado de calle de la comarca Los Cedros, primera etapa Km 29, carretera Vieja a León, utilizando geotextil.
Presenta el diseño de 4069.57 ml de pavimento adoquinado de calle de la comarca Los Cedros, primera etapa Km 29, carretera Vieja a León, utilizando geotextil, mediante la elaboración de un estudio de tránsito, un estudio de suelo para obtener las propiedades mecánicas de los suelos existentes,...
| Main Authors: | , |
|---|---|
| Other Authors: | |
| Format: | Tesis Section = Libro |
| Language: | Undetermined Spanish |
| Published: |
Managua
UNI
2011
|
| Subjects: |
| LEADER | 01314nam a2200277Ia 4500 | ||
|---|---|---|---|
| 008 | 240830s9999 xx 000 0 und d | ||
| 040 | |a BIBLIOTECA-RUPAP Mon 625.85 F634 | ||
| 041 | |a spa | ||
| 082 | |a Mon 625.85 F634 | ||
| 100 | 1 | |a Flores Jarquín, Juan Carlos | |
| 100 | 1 | |b Rostran Cerna, Juan Carlos | |
| 245 | 1 | 0 | |a Diseño de 4069.57 ml de pavimento adoquinado de calle de la comarca Los Cedros, primera etapa Km 29, carretera Vieja a León, utilizando geotextil. |
| 260 | |a Managua |b UNI |c 2011 | ||
| 300 | |a 88 p. :il. | ||
| 500 | |a Contiene: anexos. | ||
| 502 | |a Tesis (Ingeniero Civil)- UNI, 2011. | ||
| 520 | 3 | |a Presenta el diseño de 4069.57 ml de pavimento adoquinado de calle de la comarca Los Cedros, primera etapa Km 29, carretera Vieja a León, utilizando geotextil, mediante la elaboración de un estudio de tránsito, un estudio de suelo para obtener las propiedades mecánicas de los suelos existentes, el diseño de la estructura de pavimento adoquinado utilizando el método AASTHO – 93. | |
| 650 | 7 | |a PAVIEMENTOS | |
| 650 | 7 | |b PAVIMENTOS DE HORMIGON | |
| 650 | 7 | |c PAVIMENTOS – DISEÑO | |
| 650 | 7 | |d CONSTRUCCION | |
| 650 | 7 | |e CALLES – MANTENIMIENTO Y REPARACION | |
| 700 | 1 | |a Tutor: |b Gutiérrez Somarriba, Oscar Isaac | |
| 942 | |c BK |2 ddc | ||
| 991 | |a TESIS | ||
| 999 | |c 16084 | ||